000 00298nam a22001457a 4500
008 210302b ||||| |||| 00| 0 eng d
020 _a9781133937487
041 _aeng
080 _22nd
_a37
082 _a37
100 _a46
101 _aEDU
245 _aOn Course
_cUhl, L
942 _2udc
_cBK
999 _c55449
_d55449